00690nam a22001571a 450000100060000000300040000600500170001000800410002708200250006811000250009324501620011826400500028030000110033065001440034170000470048511852OSt20260204212259.0131206s2007||||dr ||||||b||||||||||spa|| aRD 346.0437293 R299i aRepublica Dominicana aLey no. 108-05 de registro inmoviliario de la República Dominicana (Modificada por la ley no. 51-07) y Reglamentos / Segundo E. Moncion y Leonaldo Mirabal aSantiago de los Caballeros : Hnos. Capellán a307 P. aREGISTRO DE LA PROPIEDAD - LEGISLACION 2.DERECHO INMOVILIARIO - LEGISLACION - REPUBLICA DOMINICANA 3.LEY N0 108-05 DE REGISTRO INMOBILIARIO aMoncion, Segundo E. ll Mirabal LeonaldoÌ